En los días de Trafalgar / (Record no. 46982)

MARC details
000 -LEADER
campo de control de longitud fija 00531nam a2200157 i 4500
001 - NÚMERO DE CONTROL
campo de control 46982
003 - IDENTIFICADOR DE NÚMERO DE CONTROL
campo de control ES-MaACL
007 - CAMPO FIJO DE DESCRIPCIÓN FÍSICA--INFORMACIÓN GENERAL
campo de control de longitud fija t|
008 - DATOS DE LONGITUD FIJA--INFORMACIÓN GENERAL
campo de control de longitud fija 030402s1955 sp ||||1| spa d
100 1# - ENTRADA PRINCIPAL--NOMBRE DE PERSONA
Nombre de persona Conte Lacave, Augusto.
9 (RLIN) 40272
245 10 - MENCIÓN DEL TÍTULO
Título En los días de Trafalgar /
Mención de responsabilidad, etc. Augusto Conte Lacave ; prólogo de Miguel Martínez del Cerro.
260 ## - PUBLICACIÓN, DISTRIBUCIÓN, ETC.
Lugar de publicación, distribución, etc. [Cádiz :
Nombre del editor, distribuidor, etc. Diputación Provincial],
Fecha de publicación, distribución, etc. 1955 (
Fabricante Escelicer)
300 ## - DESCRIPCIÓN FÍSICA
Extensión XI, 280, 17 lám. ;
Dimensiones 25 cm.
700 1# - ENTRADA AGREGADA--NOMBRE PERSONAL
Nombre de persona Martínez del Cerro, Miguel.
9 (RLIN) 78044
852 ## - LOCALIZACIÓN
Ubicación ES-MaACL
Número de control de estantería C-9861
Sublocalización o colección R.37603
Holdings
Estatus retirado Estado de pérdida Estado de daño No para préstamo Biblioteca de origen Biblioteca actual Ubicación en estantería Fecha de adquisición Fuente de adquisición Total de préstamos Signatura topográfica completa Código de barras Visto por última vez Precio de reemplazo Tipo de ítem Koha
        Biblioteca del Ateneo de Madrid Biblioteca del Ateneo de Madrid Sala Palomar 17/01/2008     C-9861 1049416 23/02/2023 23/02/2023 Libro impreso